000 00483nam a2200181Ia 4500
008 090124s9999 xx 000 0 und d
082 _b105460
100 _aमाडगुळकर ग. दि.
245 _a जोगिया
250 _a2
260 _c1960
300 _a167
600 _aमाडगुळकर ग. दि.
630 _a जोगिया
700 _aमाडगुळकर ग. दि.
730 _a जोगिया
942 _cBOOK
999 _c151551
_d151551